|
|
|
|
| LEADER |
03730nam a22003733i 4500 |
| 001 |
EBC30686214 |
| 003 |
MiAaPQ |
| 005 |
20231204023231.0 |
| 006 |
m o d | |
| 007 |
cr cnu|||||||| |
| 008 |
231204s2020 xx o ||||0 eng d |
| 020 |
|
|
|a 9783034335546
|q (electronic bk.)
|
| 020 |
|
|
|z 9783034335065
|
| 035 |
|
|
|a (MiAaPQ)EBC30686214
|
| 035 |
|
|
|a (Au-PeEL)EBL30686214
|
| 035 |
|
|
|a (OCoLC)1303083116
|
| 040 |
|
|
|a MiAaPQ
|b eng
|e rda
|e pn
|c MiAaPQ
|d MiAaPQ
|
| 100 |
1 |
|
|a Portmann, Maria.
|
| 245 |
1 |
0 |
|a 'Otherness' in Space and Architecture :
|b Jews, Muslims and Christians in Western European Art (1200-1650).
|
| 250 |
|
|
|a 1st ed.
|
| 264 |
|
1 |
|a Bern :
|b Peter Lang AG International Academic Publishers,
|c 2020.
|
| 264 |
|
4 |
|c ©2021.
|
| 300 |
|
|
|a 1 online resource (214 pages)
|
| 336 |
|
|
|a text
|b txt
|2 rdacontent
|
| 337 |
|
|
|a computer
|b c
|2 rdamedia
|
| 338 |
|
|
|a online resource
|b cr
|2 rdacarrier
|
| 505 |
0 |
|
|a Cover -- Copyright information -- Contents -- List of Contributors -- Synopsis -- Introduction -- 'Otherness' -- 'Otherness' in Space and Architecture -- Synopsis of the Chapters -- Thanks -- Bibliography -- The Castle and the Lily: Samuel Ha-Levi's Synagogue and the Crises of 14th-Century Castile * -- The Seam of the Worlds -- A Monument of Unity? -- Bibliography -- Jews and Conversos in Christian Space: Distinctive Signs of the 'Other' in the St. Blaise Chapel in the Cathedral of Toledo in Spain -- Introduction -- Political and Social Context -- Otherness and Architecture in the Cathedral of Toledo -- The Main Altarpiece -- St. Blaise Chapel -- The Credo and the Life of Saints in the St. Blaise Chapel -- Conclusion -- Bibliography -- Between Public and Private Spheres: The Valencian Jewish Quarter in Christian Space 199 -- The Broken Jewish Space -- Inside the Jewish Quarter -- New Christians and New Obligations -- Bibliography -- "Never Was Raised Such a Monument of this Stature": 262 The Alhambra and Palace of the Popes in the 14th Century -- Introduction -- A Population Consideration -- Water Use and Gardens in a Palace-City -- Sacred Spaces in the Palace-City 279 -- The Greater Purpose of a Palace-City -- Conclusion -- Bibliography -- Sacred Places: The Cubas from Southern Portugal -- Introduction -- Spatial Analysis of the Cubas from Southern Portugal -- Final Considerations -- Bibliography -- Allies of the Order: Guilt-Projecting Witticism and Moral Discredit through Fantastic Non-Human Appearances Referring to Religious Others -- Bibliography -- Ephemeral Art and Otherness: The Image of the Muslim in Valencian Festivities and Triumphal Entries in the 16th and 17th Centuries 360 -- Introduction -- Triumphal Entries and the Conformation of the Enemy.
|
| 505 |
8 |
|
|a The Commemorations of Victories at Battles and the Centenaries of the Conquest of Valencia -- Canonizations and Other Valencian Festivities -- Conclusions -- Bibliography -- Tribute to Caesar: The Medicis' Giraffe -- Bibliography -- Survivals of Otherness: Astrological Frescoes in the Palazzo of Schifanoia in Ferrara, Italy -- Bibliography -- Index -- Series index.
|
| 588 |
|
|
|a Description based on publisher supplied metadata and other sources.
|
| 590 |
|
|
|a Electronic reproduction. Ann Arbor, Michigan : ProQuest Ebook Central, 2023. Available via World Wide Web. Access may be limited to ProQuest Ebook Central affiliated libraries.
|
| 655 |
|
4 |
|a Electronic books.
|
| 776 |
0 |
8 |
|i Print version:
|a Portmann, Maria
|t 'Otherness' in Space and Architecture
|d Bern : Peter Lang AG International Academic Publishers,c2020
|z 9783034335065
|
| 797 |
2 |
|
|a ProQuest (Firm)
|
| 856 |
4 |
0 |
|u https://ebookcentral.proquest.com/lib/matrademy/detail.action?docID=30686214
|z Click to View
|